Effectif des 16 premiers de la coupe du monde 2018 - Statistiques

Statistiques générales
  • Ce quiz a été pris 568 fois
  • Le résultat moyen est 128 sur 368
Statistiques - réponses
Group Hint 1 Hint 2 Hint 3 Réponse % Correct
France Paris Saint-Germain Attaquant 10 Kylian Mbappé
93%
France Tottenham Hotspur Gardien 1 Hugo Lloris
92%
Belgique Tottenham Hotspur Milieu 19 Mousa Dembélé
92%
France FC Barcelone Attaquant 11 Ousmane Dembélé
92%
France Manchester United Milieu 6 Paul Pogba
92%
France Atlético Madrid Attaquant 7 Antoine Griezmann
91%
France Chelsea FC Attaquant 9 Olivier Giroud
91%
France Paris Saint-Germain Défenseur 3 Presnel Kimpembe
91%
France Real Madrid Défenseur 4 Raphaël Varane
91%
France Olympique de Marseille Gardien 16 Steve Mandanda
91%
France Paris Saint-Germain Gardien 23 Alphonse Areola
90%
France Vfb Stuttgart Défenseur 2 Benjamin Pavard
90%
France Chelsea FC Milieu 13 N'Golo Kanté
90%
France FC Barcelone Défenseur 5 Samuel Umtiti
89%
France Atlético Madrid Défenseur 21 Lucas Hernandez
88%
Portugal Leicester City Milieu 23 Adrien Silva
87%
Portugal AC Milan Attaquant 9 André Silva
87%
Portugal Manchester City Milieu 11 Bernardo Silva
87%
Espagne Manchester City Milieu 21 David Silva
87%
Uruguay Independiente Défenseur 13 Gastón Silva
87%
Mexique West Ham United Attaquant 14 Javier Hernández
87%
Uruguay Vasco de Gama Gardien 23 Martín Silva
87%
Uruguay Boca Juniors Milieu 8 Nahitan Nández
87%
Brésil Paris Saint-Germain Défenseur 2 Thiago Silva
87%
France Olympique de Marseille Défenseur 17 Adil Rami
86%
France Manchester City Défenseur 22 Benjamin Mendy
86%
France Bayern Munich Milieu 12 Corentin Tolisso
86%
France Olympique de Marseille Attaquant 20 Florian Thauvin
86%
France Juventus Milieu 14 Blaise Matuidi
85%
Portugal Real Madrid Attaquant 7 Cristiano Ronaldo
84%
Argentine FC Barcelone Attaquant 10 Lionel Messi
84%
France Olympique lyonnais Attaquant 18 Nabil Fekir
84%
France Séville FC Milieu 15 Steven Nzonzi
83%
France AS Monaco Défenseur 19 Djibril Sidibé
82%
Uruguay Paris Saint-Germain Attaquant 21 Edinson Cavani
82%
Uruguay FC Barcelone Attaquant 9 Luis Suárez
82%
Brésil Paris Saint-Germain Attaquant 10 Neymar
81%
France AS Monaco Attaquant 8 Thomas Lemar
80%
Brésil AS Rome Gardien 1 Alisson
79%
Brésil Manchester City Gardien 23 Ederson
79%
Belgique Chelsea FC Gardien 1 Thibaut Courtois
79%
Argentine Paris Saint-Germain Milieu 11 Ángel Di María
78%
Portugal Olympique lyonnais Gardien 12 Anthony Lopes
78%
Belgique Chelsea FC Attaquant 10 Eden Hazard
76%
Uruguay Galatasaray SK Gardien 1 Fernando Muslera
76%
Brésil Paris Saint-Germain Défenseur 13 Marquinhos
76%
Belgique Borussia Mönchengladbach Milieu 16 Thorgan Hazard
76%
Belgique Manchester City Milieu 7 Kevin De Bruyne
75%
Belgique Manchester United Attaquant 9 Romelu Lukaku
75%
Argentine Manchester City Attaquant 19 Sergio Agüero
75%
Brésil Real Madrid Milieu 5 Casemiro
74%
Portugal Beşiktaş JK Défenseur 3 Pepe
74%
Espagne Manchester United Gardien 1 David de Gea
73%
Uruguay Atlético Madrid Défenseur 3 Diego Godín
72%
Portugal Sporting CP Gardien 1 Rui Patrício
72%
Espagne Real Madrid Défenseur 15 Sergio Ramos
72%
Brésil Real Madrid Défenseur 12 Marcelo
71%
Brésil Liverpool FC Attaquant 20 Roberto Firmino
71%
Croatie Real Madrid Milieu 10 Luka Modrić
70%
Belgique Paris Saint-Germain Défenseur 15 Thomas Meunier
70%
Espagne FC Barcelone Défenseur 3 Gerard Piqué
69%
Espagne Real Madrid Défenseur 4 Nacho
68%
Brésil Manchester City Attaquant 9 Gabriel Jesus
67%
Espagne Real Madrid Défenseur 2 Dani Carvajal
66%
Espagne Atlético Madrid Attaquant 19 Diego Costa
66%
Brésil Juventus FC Attaquant 7 Douglas Costa
66%
Argentine Juventus FC Attaquant 9 Gonzalo Higuaín
66%
Argentine Juventus FC Attaquant 21 Paulo Dybala
66%
Espagne FC Barcelone Milieu 5 Sergio Busquets
66%
Colombie Bayern Munich Milieu 10 James Rodríguez
64%
Belgique Tottenham Hotspur Défenseur 5 Jan Vertonghen
64%
Uruguay Atlético Madrid Défenseur 2 José Giménez
64%
Croatie FC Barcelone Milieu 7 Ivan Rakitić
63%
Belgique Manchester City Défenseur 4 Vincent Kompany
63%
Espagne FC Barcelone Milieu 6 Andrés Iniesta
62%
Angleterre Tottenham Hotspur Attaquant 9 Harry Kane
62%
Espagne Bayern Munich Milieu 10 Thiago Alcántara
62%
Croatie Juventus Attaquant 17 Mario Mandžukić
61%
Brésil Manchester City Milieu 17 Fernandinho
60%
Espagne Atlético Madrid Milieu 8 Koke
60%
Belgique Manchester United Milieu 8 Marouane Fellaini
60%
Portugal Borussia Dortmund Défenseur 5 Raphaël Guerreiro
60%
Croatie Inter Milan Attaquant 4 Ivan Perišić
59%
Angleterre Everton FC Gardien 1 Jordan Pickford
59%
Belgique Liverpool FC Gardien 12 Simon Mignolet
59%
Brésil Manchester United Milieu 18 Fred
57%
Espagne FC Barcelone Défenseur 18 Jordi Alba
57%
Portugal SSC Naples Défenseur 19 Mário Rui
57%
Argentine Manchester City Défenseur 17 Nicolás Otamendi
57%
Belgique Tottenham Hotspur Défenseur 2 Toby Alderweireld
57%
Croatie AS Monaco Gardien 23 Danijel Subašić
56%
Mexique Standard de Liège Gardien 13 Guillermo Ochoa
56%
Angleterre Manchester City Défenseur 2 Kyle Walker
56%
Espagne Real Madrid Attaquant 20 Marco Asensio
56%
Belgique SSC Naples Milieu 14 Dries Mertens
55%
Angleterre Manchester City Défenseur 5 John Stones
55%
Brésil FC Barcelone Milieu 11 Philippe Coutinho
55%
Espagne Chelsea FC Défenseur 14 César Azpilicueta
54%
Danemark Tottenham Hotspur Milieu 10 Christian Eriksen
54%
Espagne Celta Vigo Attaquant 17 Iago Aspas
54%
Portugal AS Monaco Milieu 8 João Moutinho
54%
Croatie Real Madrid Milieu 8 Mateo Kovačić
54%
Suisse Borussia Mönchengladbach Gardien 1 Yann Sommer
54%
Belgique Tianjin Quanjian Milieu 6 Axel Witsel
53%
Espagne Real Madrid Milieu 22 Isco
53%
Angleterre Leicester City Attaquant 11 Jamie Vardy
53%
Danemark Leicester City Gardien 1 Kasper Schmeichel
53%
Russie AS Monaco Milieu 17 Aleksandr Golovin
52%
Uruguay Peñarol Milieu 7 Cristian Rodríguez
52%
Angleterre Leicester City Défenseur 6 Harry Maguire
52%
Angleterre Liverpool FC Milieu 8 Jordan Henderson
52%
Suisse AC Milan Défenseur 13 Ricardo Rodríguez
52%
Croatie Liverpool FC Défenseur 6 Dejan Lovren
51%
Angleterre Manchester United Attaquant 19 Marcus Rashford
51%
Portugal Rangers FC Défenseur 2 Bruno Alves
50%
Portugal Sporting CP Milieu 16 Bruno Fernandes
50%
Suisse Eintracht Francfort Milieu 16 Gelson Fernandes
50%
Portugal Lokomotiv Moscou Milieu 4 Manuel Fernandes
50%
Russie CSKA Moscou Défenseur 2 Mário Fernandes
50%
Brésil Manchester City Défenseur 14 Danilo
49%
Japon Hambourg SV Défenseur 21 Gōtoku Sakai
49%
Suisse Arsenal FC Milieu 10 Granit Xhaka
49%
Japon Olympique de Marseille Défenseur 19 Hiroki Sakai
49%
Suède Al-Aïn Club Attaquant 9 Marcus Berg
49%
Brésil FC Barcelone Milieu 15 Paulinho
49%
Colombie AS Monaco Attaquant 9 Radamel Falcao
49%
Brésil Atlético Madrid Défenseur 6 Filipe Luís
48%
Portugal Valence CF Attaquant 17 Gonçalo Guedes
48%
Argentine Manchester United Défenseur 16 Marcos Rojo
47%
Colombie CD Once Caldas Gardien 22 José Fernando Cuadrado
46%
Colombie Juventus FC Milieu 11 Juan Cuadrado
46%
Argentine Ajax Amsterdam Défenseur 3 Nicolás Tagliafico
46%
Portugal Beşiktaş JK Attaquant 20 Ricardo Quaresma
46%
Belgique AS Monaco Milieu 17 Youri Tielemans
46%
Croatie Inter Milan Milieu 11 Marcelo Brozović
45%
Uruguay Celta Vigo Attaquant 18 Maxi Gómez
45%
Espagne SSC Naples Gardien 23 Pepe Reina
45%
Colombie Arsenal FC Gardien 1 David Ospina
44%
Argentine Paris Saint-Germain Milieu 20 Giovani Lo Celso
44%
Espagne Atlético Madrid Milieu 7 Saúl
44%
Belgique FC Barcelone Défenseur 3 Thomas Vermaelen
44%
Uruguay Monterrey Milieu 5 Carlos Sánchez
43%
Colombie Espanyol Barcelone Milieu 6 Carlos Sánchez
43%
Croatie Beşiktaş JK Défenseur 21 Damagoj Vida
43%
Colombie Tottenham Hotspur Défenseur 23 Davinson Sánchez
43%
Belgique VfL Wolfsburg Gardien 13 Koen Casteels
43%
Uruguay Juventus Milieu 6 Rodrigo Bentancur
42%
Angleterre Liverpool FC Défenseur 22 Trent Alexander-Arnold
42%
Argentine Chelsea FC Gardien 23 Willy Caballero
42%
Angleterre Tottenham Hotspur Milieu 4 Eric Dier
41%
Suisse Stoke City Milieu 23 Xherdan Shaqiri
41%
Danemark Chelsea FC Défenseur 6 Andreas Christensen
40%
Angleterre Manchester City Milieu 10 Raheem Sterling
40%
Portugal Benfica Lisbonne Défenseur 13 Rúben Dias
40%
Japon Borussia Dortmund Milieu 10 Shinji Kagawa
40%
Belgique Dalian Yifang Milieu 11 Yannick Carrasco
40%
Colombie FC Barcelone Défenseur 13 Yerry Mina
40%
Belgique Real Sociedad Milieu 18 Adnan Januzaj
39%
Brésil Chelsea FC Milieu 19 Willian
39%
Espagne Athletic Bilbao Gardien 13 Kepa Arrizabalaga
38%
Angleterre Burnley FC Gardien 23 Nick Pope
38%
Suède Manchester United Défenseur 3 Victor Lindelöf
38%
Danemark RB Leipzig Attaquant 20 Yussuf Poulsen
38%
Croatie Hoffenheim Attaquant 9 Andrej Kramarić
37%
Croatie Eintracht Francfort Attaquant 18 Ante Rebić
37%
Suisse Borussia Dortmund Défenseur 5 Manuel Akanji
37%
Brésil Inter Milan Défenseur 3 Miranda
37%
Suisse Schalke 04 Attaquant 7 Breel Embolo
36%
Angleterre Tottenham Hotspur Milieu 20 Dele Alli
36%
Belgique Borussia Dortmund Attaquant 21 Michy Batshuayi
36%
Belgique West Bromwich Albion Milieu 22 Nacer Chadli
36%
Suède RB Leipzig Milieu 10 Emil Forsberg
35%
Portugal Dalian Yifang Défenseur 6 José Fonte
35%
Mexique PSV Eindhoven Attaquant 22 Hirving Lozano
34%
Portugal West Ham Milieu 10 João Mário
34%
Suisse Borussia Dortmund Gardien 21 Roman Bürki
32%
Croatie Atlético Madrid Défenseur 2 Šime Vrsaljko
31%
Danemark Séville FC Défenseur 4 Simon Kjær
31%
Argentine Hebei China Fortune Milieu 14 Javier Mascherano
30%
Uruguay Sporting CP Défenseur 19 Sebastián Coates
30%
Angleterre Stoke City Gardien 13 Jack Butland
29%
Japon Pachuca Milieu 4 Keisuke Honda
29%
Portugal Sporting CP Milieu 14 William Carvalho
29%
Russie Arsenal Toula Attaquant 22 Artyom Dzyuba
28%
Mexique Los Angeles FC Attaquant 11 Carlos Vela
28%
Portugal Southampton FC Défenseur 21 Cédric Soares
28%
Suisse Benfica Lisbonne Attaquant 9 Haris Seferović
28%
Angleterre Manchester United Milieu 7 Jesse Lingard
28%
Danemark Ajax Amsterdam Attaquant 12 Kasper Dolberg
28%
Espagne Real Madrid Attaquant 11 Lucas Vázquez
28%
Argentine Sporting CP Défenseur 8 Marcos Acuña
28%
Espagne Arsenal FC Défenseur 16 Nacho Monreal
28%
Croatie Dinamo Zagreb Gardien 1 Dominik Livaković
27%
Uruguay Lazio Rome Défenseur 22 Martín Cáceres
27%
Uruguay FC Porto Défenseur 16 Maxi Pereira
26%
Portugal FC Porto Défenseur 15 Ricardo Pereira
26%
Angleterre Chelsea FC Défenseur 15 Gary Cahill
25%
Mexique Galaxy de Los Angeles Milieu 10 Giovani dos Santos
25%
Mexique Galaxy de Los Angeles Milieu 6 Jonathan dos Santos
25%
Danemark Girondins de Bordeaux Attaquant 11 Martin Braithwaite
25%
Suède FC Copenhague Gardien 1 Robin Olsen
25%
Argentine Séville FC Milieu 7 Éver Banega
24%
Argentine AS Roma Défenseur 6 Federico Fazio
24%
Argentine AC Milan Milieu 5 Lucas Biglia
24%
Uruguay Inter Milan Milieu 15 Matías Vecino
24%
Uruguay Gérone FC Attaquant 11 Cristhian Stuani
23%
Argentine CA River Plate Gardien 12 Franco Armani
23%
Argentine Séville FC Défenseur 2 Gabriel Mercado
23%
Espagne Valence CF Attaquant 9 Rodrigo
23%
Angleterre Tottenham Hotspur Défenseur 3 Danny Rose
22%
Angleterre Tottenham Hotspur Défenseur 12 Kieran Trippier
22%
Russie Villareal CF Milieu 6 Denis Cherychev
21%
Japon FC Metz Gardien 1 Eiji Kawashima
21%
Mexique Benfica Lisbonne Attaquant 9 Raúl Jiménez
21%
Brésil Beijing Sinobo Guoan Milieu 8 Renato Augusto
21%
Japon Leicester City Attaquant 9 Shinji Okazaki
21%
Suisse Juventus FC Défenseur 2 Stephan Lichtsteiner
21%
Colombie AC Milan Défenseur 2 Cristián Zapata
20%
Uruguay Genoa Milieu 17 Diego Laxalt
20%
Mexique FC Porto Milieu 16 Héctor Herrera
20%
Angleterre Manchester United Défenseur 16 Phil Jones
19%
Japon Urawa Red Diamonds Défenseur 6 Wataru Endō
19%
Mexique Betis Séville Milieu 18 Andrés Guardado
18%
Suisse Atalanta Bergame Milieu 8 Remo Freuler
18%
Japon Galatasaray SK Défenseur 5 Yūto Nagatomo
18%
Colombie Villareal CF Attaquant 7 Carlos Bacca
17%
Danemark Ajax Amsterdam Milieu 19 Lasse Schöne
17%
Uruguay Sampdoria Milieu 14 Lucas Torreira
17%
Brésil Chakhtar Donetsk Attaquant 21 Taison
17%
Japon Eibar Milieu 14 Takashi Inui
17%
Danemark Atalanta Bergame Attaquant 21 Andreas Cornelius
16%
Belgique Celtic FC Défenseur 20 Dedryck Boyata
16%
Mexique FC Porto Attaquant 17 Jesús Manuel Corona
16%
Mexique Cruz Azul FC Gardien 1 José de Jesús Corona
16%
Suisse Borussia Mönchengladbach Défenseur 4 Nico Elvedi
16%
Suisse Borussia Mönchengladbach Milieu 17 Denis Zakaria
15%
Mexique Real Sociedad Défenseur 15 Héctor Moreno
15%
Russie CSKA Moscou Gardien 1 Igor Akinfeïev
15%
Mexique Club América Défenseur 21 Edson Álvarez
14%
Japon Southampton FC Défenseur 22 Maya Yoshida
14%
Suède Toulouse FC Attaquant 20 Ola Toivonen
14%
Angleterre Arsenal FC Attaquant 14 Danny Welbeck
13%
Suède Toulouse FC Milieu 21 Jimmy Durmaz
13%
Colombie Séville FC Attaquant 14 Luis Muriel
13%
Portugal Göztepe SK Gardien 22 Beto
12%
Suisse Deportivo La Corogne Défenseur 22 Fabian Schär
12%
Portugal Sporting CP Attaquant 18 Gelson Martins
12%
Croatie Red Bull Salzbourg Défenseur 15 Duje Ćaleta-Car
11%
Argentine CA River Plate Milieu 15 Enzo Pérez
11%
Angleterre Manchester City Milieu 17 Fabian Delph
11%
Colombie Club Olimpia Défenseur 18 Farid Díaz
11%
Croatie Sampdoria Défenseur 3 Ivan Strinić
11%
Belgique RSC Anderlecht Milieu 23 Leander Dendoncker
11%
Croatie La Gantoise Gardien 12 Lovre Kalinić
11%
Croatie AC Milan Attaquant 16 Nikola Kalinić
11%
Croatie Lokomotiv Moscou Défenseur 5 Vedran Ćorluka
11%
Espagne Real Sociedad Défenseur 12 Álvaro Odriozola
10%
Angleterre Manchester United Milieu 18 Ashley Young
10%
Argentine CA Boca Juniors Milieu 22 Cristian Pavón
10%
Mexique CF Atlas Milieu 4 Rafael Márquez
10%
Danemark Werder Brême Milieu 8 Thomas Delaney
10%
Suisse RB Leipzig Gardien 12 Yvon Mvogo
10%
Suède FK Krasnodar Défenseur 4 Andreas Granqvist
9%
Suède Werder Brême Défenseur 6 Ludwig Augustinsson
9%
Japon Eintracht Francfort Milieu 17 Makoto Hasebe
9%
Danemark Celta Vigo Milieu 23 Pione Sisto
9%
Colombie PSV Eindhoven Défenseur 4 Santiago Arias
9%
Suisse TSG Hoffenheim Milieu 14 Steven Zuber
9%
Suède Hambourg SV Milieu 8 Albin Ekdal
8%
Russie FK Krasnodar Attaquant 10 Fiodor Smolov
8%
Danemark Borussia Mönchengladbach Défenseur 3 Jannik Vestergaard
8%
Japon Kashiwa Reysol Gardien 23 Kosuke Nakamura
8%
Croatie Schalke 04 Attaquant 20 Marko Pjaca
8%
Croatie Fiorentina Milieu 19 Milan Badelj
8%
Croatie Bayer Leverkusen Défenseur 13 Tin Jedvaj
8%
Danemark FC Copenhague Milieu 7 William Kvist Jorgensen
8%
Russie Lokomotiv Moscou Milieu 15 Alexeï Miranchuk
7%
Russie Lokomotiv Moscou Milieu 16 Anton Miranchuk
7%
Suisse Bologne FC Milieu 15 Blerim Džemaili
7%
Brésil Corinthians Gardien 16 Cássio
7%
Argentine SL Benfica Défenseur 18 Eduardo Salvio
7%
Danemark Huddersfield Town Gardien 16 Jonas Lössl
7%
Danemark Girondins de Bordeaux Milieu 18 Lukas Lerager
7%
Danemark Huddersfield Town Défenseur 13 Mathias Jørgensen
7%
Suède Celtic FC Défenseur 2 Mikael Lustig
7%
Danemark Feyenoord Rotterdam Attaquant 9 Nicolai Jørgensen
7%
Suède Hull City Milieu 7 Sebastian Larsson
7%
Russie CSKA Moscou Milieu 9 Alan Dzagoïev
6%
Japon Fortuna Düsseldorf Milieu 8 Genki Haraguchi
6%
Suède Waasland-Beveren Attaquant 22 Isaac Kiese Thelin
6%
Suède Deportivo Alaves Attaquant 11 John Guidetti
6%
Colombie River Plate Milieu 20 Juan Fernando Quintero
6%
Suède EA Guinguamp Gardien 12 Karl-Johan Johnsson
6%
Suisse FC Bâle Défenseur 6 Michael Lang
6%
Argentine Tigres UANL Gardien 1 Nahuel Guzmán
6%
Brésil Corinthians Défenseur 22 Fagner
5%
Suisse Toulouse FC Défenseur 3 François Moubandje
5%
Suisse Antalyaspor Défenseur 20 Johan Djourou
5%
Suisse Udinese Calcio Milieu 11 Valon Behrami
5%
Russie Zénith Saint-Pétersbourg Milieu 21 Aleksandr Yerokhine
4%
Colombie Deportivo Cali Gardien 12 Camilo Vargas
4%
Mexique Eintracht Francfort Défenseur 3 Carlos Salcedo
4%
Argentine Torino FC Défenseur 4 Cristian Ansaldi
4%
Suède Bologne FC Défenseur 16 Emil Krafth
4%
Mexique CF Pahuca Défenseur 5 Erick Gutiérrez
4%
Croatie HNK Rijeka Milieu 14 Filip Bradarić
4%
Russie Rubin Kazan Défenseur 13 Fiodor Koudriachov
4%
Colombie Levante UD Milieu 16 Jefferson Lerma
4%
Danemark Udinese Calcio Défenseur 17 Jens Stryger Larsen
4%
Suisse Borussia Mönchengladbach Attaquant 19 Josip Drmić
4%
Mexique Eintracht Francfort Milieu 8 Marco Fabián
4%
Suisse Dinamo Zagreb Attaquant 18 Mario Gavranović
4%
Suède Swansea City Défenseur 5 Martin Olsson
4%
Mexique Séville FC Défenseur 7 Miguel Layún
4%
Colombie CF Pahuca Défenseur 3 Óscar Murillo
4%
Suède Leeds United Défenseur 18 Pontus Jansson
4%
Russie Spartak Moscou Milieu 11 Roman Zobnine
4%
Angleterre Crystal Palace Milieu 21 Ruben Loftus-Cheek
4%
Colombie Boca Juniors Milieu 5 Wílmar Barrios
4%
Uruguay Peñarol Défenseur 4 Guillermo Varela
3%
Suède Seattle Sounders Milieu 13 Gustav Svensson
3%
Japon Cerezo Osaka Milieu 16 Hotaru Yamaguchi
3%
Colombie Gérone FC Défenseur 17 Johan Mojica
3%
Argentine CA Independiente Milieu 13 Maximiliano Meza
3%
Japon FC Cologne Attaquant 15 Yuya Osako
3%
Russie Spartak Moscou Milieu 19 Aleksandr Samedov
2%
Russie Zénith Saint-Pétersbourg Milieu 7 Daler Kouziaïev
2%
Japon Getafe CF Milieu 7 Gaku Shibasaki
2%
Japon Kashima Antlers Défenseur 3 Gen Shōji
2%
Uruguay Cruzeiro Milieu 10 Giorgian De Arrascaeta
2%
Mexique Tigres UANL Défenseur 2 Hugo Ayala
2%
Russie Zénith Saint-Pétersbourg Défenseur 23 Igor Smolnikov
2%
Russie FK Krasnodar Milieu 8 Iouri Gazinski
2%
Mexique Tigres UANL Milieu 20 Javier Aquino
2%
Mexique Universidad Nacional Défenseur 23 Jesús Gallardo
2%
Colombie Brighton & Hove Albion Attaquant 21 José Izquierdo
2%
Croatie Dynamo Kiev Défenseur 22 Josip Pivarić
2%
Colombie Club América Milieu 15 Mateus Uribe
2%
Japon Kashima Antlers Défenseur 2 Naomichi Ueda
2%
Brésil Grêmio Défenseur 4 Pedro Geromel
2%
Suède FK Krasnodar Milieu 17 Viktor Claesson
2%
Japon FSV Mayence 05 Attaquant 13 Yoshinori Muto
2%
Colombie Deportivo Cali Milieu 8 Abel Aguilar
1%
Mexique Deportivo Toluca Gardien 12 Alfredo Talavera
1%
Russie Zénith Saint-Pétersbourg Gardien 12 Andreï Louniov
1%
Suède Bologne FC Défenseur 14 Filip Helander
1%
Danemark Brøndby IF Gardien 22 Frederik Rønnow
1%
Danemark Brentford FC Défenseur 14 Henrik Dalsgaard
1%
Russie Spartak Moscou Défenseur 3 Ilia Koutepov
1%
Russie Zénith Saint-Pétersbourg Milieu 18 Iouri Jirkov
1%
Danemark Ipswich Town Défenseur 5 Jonas Knudsen
1%
Uruguay Monterrey Attaquant 20 Jonathan Urretaviscaya
1%
Suède Swansea City Gardien 23 Kristoffer Nordfeldt
1%
Suède FC Crotone Milieu 19 Marcus Rohdén
1%
Uruguay Independiente Gardien 12 Martín Campaña
1%
Japon Gamba Osaka Gardien 12 Masaaki Higashiguchi
1%
Danemark Deportivo La Corogne Milieu 2 Michael Krohn-Dehli
1%
Colombie SE Palmeiras Attaquant 19 Miguel Borja
1%
Mexique Club América Attaquant 19 Oribe Peralta
1%
Japon Kawasaki Frontale Milieu 18 Ryota Oshima
1%
Russie CSKA Moscou Défenseur 4 Sergueï Ignachevitch
1%
Japon Fortuna Düsseldorf Milieu 11 Takashi Usami
1%
Japon Urawa Red Diamonds Défenseur 20 Tomoaki Makino
1%
Danemark FC Copenhague Attaquant 15 Viktor Fischer
1%
Russie Club Bruges Gardien 20 Vladimir Gaboulov
1%
Russie Rubin Kazan Défenseur 14 Vladimir Granat
1%
Russie Akhmat Grozny Défenseur 5 Andreï Semionov
0%
Suède Genoa FC Milieu 15 Oscar Hiljemark
0%
Aucun quiz correspondant
Distribution des résultats
% des personnes avec chaque résultat
Percentile par nombre de réponses
Votre historique - résultats
Vous n’avez pas pris ce quiz